| 000 | 01023nas a2200337 4500 | ||
|---|---|---|---|
| 001 | BR0204577 | ||
| 003 | BR-BrBNA | ||
| 005 | 20231205103229.0 | ||
| 007 | ta | ||
| 008 | 230509b bl.|||p| |||| 00| 00por d | ||
| 040 |
_aBR-BrBNA _bpor _cBiblioteca Nacional de Agricultura |
||
| 041 | _a(Pt) | ||
| 072 | _aF62; P06 | ||
| 100 | 1 | _aSalgado, M.A. de S. | |
| 100 | 1 | _aRezende, A.V. | |
| 100 | 1 | _aFelfili, J.M. | |
| 100 | 1 | _aFranco, A.C. | |
| 100 | 1 | _aSousa-Silva, J.C. | |
| 245 | 1 | _aCrescimento e repartição de biomassa em plântulas de Copaifera langsdorffii Desf. submetidas a diferentes níveis de sombreamento em viveiro | |
| 650 | _aPLÂNTULA | ||
| 650 | _aCRESCIMENTO | ||
| 650 | _aBIOMASSA | ||
| 650 | _aSOMBREAMENTO | ||
| 650 | _aMATA CILIAR | ||
| 650 | _aLEGUMINOSAE | ||
| 650 | _aVIVEIRO | ||
| 650 | _aDISTRITO FEDERAL | ||
| 773 | 0 |
_tBrasil Florestal (Brazil) _xISSN 0045-270X _g(Jun 2001), v. 20(70) p. 13-21 _wBR0204577 |
|
| 909 |
_a202311 _bLúcia _c55 _dLúcia Elande |
||
| 942 |
_2AGRIS _n0 _cANA |
||
| 999 |
_c171776 _d171776 |
||